000 00562nam a2200193 i 4500
001 52089
003 ES-MaACL
005 20250316174434.0
007 t|
008 030825s1971 sp ||||1| spa d
100 1 _aChomsky, Noam,
_d1928-
_938607
245 1 3 _aEl lenguaje y el entendimiento /
_cNoam Chomsky ; [traducción de, Juan Ferraté].
250 _a[1ª ed.].
260 _aBarcelona :
_bSeix Barral,
_c[1971]
300 _a163 p. ;
_c20 cm.
700 1 _aFerraté, Joan.
_950334
852 _aES-MaACL
_jC-39286
_bR.77673
999 _c52089
_d52089